Ciencias sociales 6 bonaerense /

Guardado en:
Autor Principal: Blanco, Jorge
Otros Autores: Fernandez Caso, Victoria, Gurevich, Raquel, Mazzeo, Miguel, Schujman, Gustavo, Macchi, Julio, Jousset, Mónica, Zappettini, María Cecilia
Formato: Libro
Publicado: Buenos Aires : Aique, 2012
Series:El mundo en tus manos
Materias:
Etiquetas: Agregar Etiqueta
Sin Etiquetas, Sea el primero en etiquetar este registro!
LEADER 01362nam a22003135a 4500
001 CEM.cems014969
005 20181023160307.0
008 130507s2012##################000#0#####d
003 CEMS
020 |a 9789870603665 
082 0 4 |a SG372.242 
100 1 |a Blanco, Jorge 
245 1 0 |a Ciencias sociales 6 bonaerense /  |c Jorge Blanco ... y Otros 
260 |a Buenos Aires :  |b Aique,  |c 2012 
300 |a 160 p. 
490 0 |a El mundo en tus manos 
500 |a Manual de texto para primaria. Biblioteca Sagio 
505 0 |a El estudio de las Ciencias Sociales -- América Latina: sociedades y territorios -- América Latina: ambientes y recursos naturales -- Las actividades en los espacios rurales -- Las actividades en los espacios urbanos -- La organización del Estado nacional argentino (1853-1880) -- La Constitución de la Nación Argnentina -- La Argentina de 1880 a 1930 -- Entre dictaduras y democracias (1930-1976) -- La Argentina desde 1976 hasta la actualidad 
653 |a Libro de texto 
653 |a Ciencias sociales 
653 |a Primaria 
700 1 |a Fernandez Caso, Victoria 
700 1 |a Gurevich, Raquel 
700 1 |a Mazzeo, Miguel 
700 1 |a Schujman, Gustavo 
700 1 |a Macchi, Julio 
700 1 |a Jousset, Mónica 
700 1 |a Zappettini, María Cecilia 
859 |a CEMS  |b BIB. CEMS - 11 de abril  |h SG372.242  |i B593  |p 27669.18  |t Ej.1